| 000 | 00749nam a2200241 a 4500 | ||
|---|---|---|---|
| 001 | 39966 | ||
| 003 | Mx-PuUPA | ||
| 005 | 20260223105853.0 | ||
| 008 | 140415s2001 mx 000 0 spa d | ||
| 020 | _a9688533831 | ||
| 040 | _cMx-PuUPA | ||
| 041 | _aspa | ||
| 082 |
_a370.15 _bHER |
||
| 100 | 1 |
_aHernández Rojas, Gerardo,. _95107 |
|
| 245 | 1 | 0 | _aPARADIGMAS EN PSICOLOGIA DE LA EDUCACION |
| 250 | _a1a ed. | ||
| 260 | 1 |
_aMEXICO : _bPAIDOS MEXICANA, _c2001 |
|
| 300 |
_a267 _cx 15.5 x 22 |
||
| 490 | _aPAIDÓS EDUCADOR | ||
| 650 | 1 | 4 |
_aEDUCACION _xPSICOLOGIA _xPSICOLOGIA EDUCATIVA |
| 942 |
_2ddc _cLI |
||
| 999 |
_c39966 _d39966 |
||